Digital photogrammetry : (Record no. 11707)
[ view plain ]
| 000 -LEADER | |
|---|---|
| fixed length control field | 00523cam a22001694a 4500 |
| 020 ## - INTERNATIONAL STANDARD BOOK NUMBER | |
| ISBN | 3540008101 (alk. paper) |
| 040 ## - CATALOGING SOURCE | |
| Transcribing agency | DLC |
| 082 00 - DEWEY DECIMAL CLASSIFICATION NUMBER | |
| Classification number | 526 SPR 2003 A030 Co. |
| 100 1# - MAIN ENTRY--AUTHOR NAME | |
| Personal name | Linder, Wilfried, |
| 245 10 - TITLE STATEMENT | |
| Title | Digital photogrammetry : |
| Remainder of title | theory and applications / |
| 260 ## - PUBLICATION, DISTRIBUTION, ETC. (IMPRINT) | |
| Place of publication | Berlin ; |
| -- | New York : |
| Name of publisher | Springer, |
| Year of publication | 2003. |
| 300 ## - PHYSICAL DESCRIPTION | |
| Number of Pages | xi, 189 p. : |
| Other physical details | ill. ; |
| Dimensions | 24 cm. |
| Accompanying material | + 1 CD-ROM (4 3/4 in) and 1 pair 3-D glasses |
| 650 #0 - SUBJECT ADDED ENTRY--TOPICAL TERM | |
| Topical Term | Photogrammetry |
| 650 #0 - SUBJECT ADDED ENTRY--TOPICAL TERM | |
| Topical Term | Aerial photogrammetry. |
| 650 #0 - SUBJECT ADDED ENTRY--TOPICAL TERM | |
| Topical Term | Image processing |
| 942 ## - ADDED ENTRY ELEMENTS (KOHA) | |
| Koha item type | សៀវភៅភាសាអង់គ្លេស |
| 952 ## - LOCATION AND ITEM INFORMATION (KOHA) | |
| Withdrawn status [LOCAL, KOHA] | 0 |
| Permanent Location | Date acquired | Koha item type | Lost status | Shelving location | Barcode | Current Location | Full call number |
|---|---|---|---|---|---|---|---|
| Library Block A | 2017-08-04 | សៀវភៅភាសាអង់គ្លេស | A030 | A16263 | Library Block A | 526 SPR 2003 A030 Co. |